| 000 | 00885cam a22002777a 4500 | ||
|---|---|---|---|
| 001 | 17330653 | ||
| 005 | 20140430121208.0 | ||
| 008 | 140430t2012 xxuak frb 001 0 eng d | ||
| 010 | _a2012941168 | ||
| 020 | _a9781461446989 (hbk. : alk. paper) | ||
| 020 | _a1461446988 (hbk. : alk. paper) | ||
| 020 | _z9781461446996 (ebk.) | ||
| 040 |
_aDLC _cDLC _dDLC |
||
| 082 | 0 | 0 |
_222 _a005.453 _bMOD |
| 245 | 0 | 0 |
_aModern compiler design / _cDick Grune ... [et al.] |
| 250 | _a2nd ed. | ||
| 260 |
_aNew York, United States : _bSpringer, _cc.2012 _f(Acid-Free Paper) |
||
| 300 |
_axxi, 822 p. : _bforms, tables ; _c24 cm. |
||
| 500 | _aIndex : p. 813-822. | ||
| 504 | _aBibliography : p. 799-811. | ||
| 650 | 0 |
_aCompilers (Computer programs) _913036 |
|
| 653 |
_bCOMSCI _cApril2014 |
||
| 655 |
_vreading book _934232 |
||
| 700 | 1 |
_aGrune, Dick, _d1939- _935954 |
|
| 942 |
_2ddc _k005.453 MOD |
||
| 999 |
_c18246 _d18218 |
||